000 00591nam a2200193 i 4500
001 59421
003 ES-MaACL
005 20250924165159.0
007 t|
008 031029s1973 sp ||||1| spa d
245 0 0 _aEnsayos sobre el Apocalipsis /
_cErich Fromm ... [et al.] ; [traducción, María Dolores de la Fé].
250 _a[1ª ed.].
260 _aBarcelona :
_bKairós,
_c[1973]
300 _a230 p. ;
_c21 cm.
700 1 _aFromm, Erich,
_d1900-1980
_952729
700 1 _aFé, María Dolores de la.
_949034
852 _aES-MaACL
_jC-53956
_bR.86648
999 _c59421
_d59421